[Event "Wch FIDE Online U12 Girls Asia qual"]
[Site "Tornelo INT"]
[Date "2020.12.13"]
[Round "7"]
[White "Fatima, Saleh Jasim"]
[Black "Ding, Simeng"]
[Result "0-1"]
[WhiteElo "1030"]
[BlackElo "1112"]
[PlyCount "116"]
[EventDate "2020.12.11"]
[EventType "swiss (rapid)"]
[EventRounds "7"]
[EventCountry "ISS"]
[SourceTitle "EXT 2022"]
[Source "ChessBase"]
[SourceDate "2021.10.06"]
[SourceVersion "1"]
[SourceVersionDate "2021.10.06"]
[SourceQuality "1"]

1. d4 Nf6 2. Bf4 g6 3. Nc3 d5 4. e3 Bg7 5. Nf3 0-0 6. Be2 Nbd7 7. Ne5 c6 8. h4 Nxe5 9. Bxe5 Bd7 10. g4 Ne4 11. Nxe4 dxe4 12. Bxg7 Kxg7 13. g5 Qa5+ 14. c3 Rad8 15. h5 Qxg5 16. hxg6 hxg6 17. Qd2 Rh8 18. 0-0-0 Bf5 19. Rdg1 Qf6 20. Qd1 c5 21. Bg4 cxd4 22. exd4 Bxg4 23. Rxg4 Qxf2 24. Rxe4 Qg2 25. Rxh8 Rxh8 26. Re2 Qg5+ 27. Kc2 Rh3 28. Qf1 Rg3 29. Rf2 f6 30. Re2 Re3 31. Rxe3 Qxe3 32. Qd3 Qxd3+ 33. Kxd3 g5 34. Ke3 f5 35. Kf3 Kf6 36. b4 b5 37. d5 Ke5 38. a3 Kxd5 39. Ke3 Kc4 40. Kf3 Kxc3 41. Kg3 Kb3 42. Kf3 Kxa3 43. Ke3 Kxb4 44. Kf3 a5 45. Ke2 a4 46. Kd2 a3 47. Kc2 g4 48. Kd2 g3 49. Ke2 a2 50. Kf3 a1Q 51. Kxg3 e5 52. Kf3 e4+ 53. Ke3 Qc1+ 54. Kf2 e3+ 55. Ke2 Qd2+ 56. Kf3 e2 57. Kf2 e1Q+ 58. Kf3 Qdf2# 0-1